| 000 | 01082nam a2200289 i 4500 | ||
|---|---|---|---|
| 001 | 164213 | ||
| 003 | ES-MaACL | ||
| 005 | 20250821153407.0 | ||
| 008 | 170706s1986 sp |||| | spa d | ||
| 020 | _a84-206-4130-8 | ||
| 080 | _a821.134.2-4"19" | ||
| 100 | 1 |
_aOrtega y Gasset, José, _d1883-1955 _987503 |
|
| 245 | 1 | 0 |
_aMirabeau o el político ; _bContreras o el aventurero ; Vives o el intelectual / _cOrtega y Gasset. |
| 246 | 3 | _aContreras o el aventurero | |
| 246 | 3 | _aVives o el intelectual | |
| 260 |
_aMadrid : _bRevista de Occidente en Alianza Editorial, _c1986. |
||
| 300 |
_a146 p. ; _c18 cm. |
||
| 490 | 1 |
_aObras de José Ortega y Gasset ; _v30 |
|
| 598 | _aColección editada por Paulino Garagorri. | ||
| 600 | 1 | 4 |
_aMirabeau, Honoré-Gabriel de Riqueti _c, comte de. _981463 |
| 600 | 1 | 4 |
_aContreras, Alonso de. _940301 |
| 600 | 1 | 4 |
_aVives, Juan Luis, _d1492-1540 _9115574 |
| 700 | 1 |
_aGaragorri, Paulino, _d1916-2007 _953911 |
|
| 830 | 1 |
_aObras de José Ortega y Gasset ; _v30 _9181562 |
|
| 852 | 4 |
_aES-MaACL _jL-31828 |
|
| 999 |
_c164213 _d164213 |
||